| 000 | 00801nam a22002177a 4500 | ||
|---|---|---|---|
| 999 |
_c9206 _d9206 |
||
| 003 | AR-CdUCM | ||
| 008 | 190327b ||||| |||| 00| 0 spa d | ||
| 040 |
_aMUNICIPALIDAD PROVINCIAL DEL CUSCO _cBIBLIOTECA MUNICIPAL DEL CUSCO |
||
| 082 |
_23ed. _a709 / _bP56 |
||
| 100 |
_aPijoán, José _918769 |
||
| 245 |
_aSumma Artis, Historia general del arte : _bArte precolombino, mexicano y maya / |
||
| 260 |
_aMadrid : _bEspasa-Calpe, _c1958. |
||
| 300 |
_a609 páginas ; _bilustraciones en color y b/n ; _c27 cm. |
||
| 500 | _aLomo del libro dañado | ||
| 505 | _aContenido : Arte del México antiguo. Protonahuas y Nahuas -- Mayas y mayoides -- | ||
| 650 |
_aHistoria del Arte _91647 |
||
| 650 |
_aArte en México _925272 |
||
| 650 |
_aArte humanístico _918841 |
||
| 942 |
_2ddc _cLIBROS |
||
| 945 | _azta | ||